[Event "Montreal Mercredi 08"]
[Site "Montreal CAN"]
[Date "2011.09.07"]
[Round "2"]
[White "Nardone, Raul"]
[Black "Barko, Maxim"]
[Result "1/2-1/2"]
[WhiteElo "1799"]
[BlackElo "1774"]
[PlyCount "69"]
[GameId "2160767909648943"]
[EventDate "2011.08.31"]
[EventType "swiss"]
[EventRounds "5"]
[EventCountry "CAN"]
[SourceTitle "EXT 2022"]
[Source "ChessBase"]
[SourceDate "2021.10.06"]
[SourceVersion "1"]
[SourceVersionDate "2021.10.06"]
[SourceQuality "1"]

1. e4 e6 2. d3 c5 3. g3 g6 4. Bg2 Bg7 5. Nc3 Nc6 6. Nge2 Nge7 7. Be3 d6 8. f4 Rb8 9. O-O O-O 10. Qe1 Nd4 11. Rc1 b5 12. Nd1 b4 13. c3 bxc3 14. bxc3 Nxe2+ 15. Qxe2 Qa5 16. Rf2 Ba6 17. Qd2 f5 18. h3 Rfc8 19. g4 Qa3 20. Kh2 Bb5 21. c4 Be8 22. Nc3 Rb6 23. Nb1 Qa6 24. Qe1 Rcb8 25. e5 Rc8 26. exd6 Rxd6 27. Bf1 Qb7 28. Nd2 Qc7 29. Nb3 Bd4 30. Bxd4 cxd4 31. c5 Rdd8 32. Qxe6+ Bf7 33. Qe5 Qxe5 34. fxe5 fxg4 35. hxg4 1/2-1/2

[Event "Montreal Mercredi 08"]
[Site "Montreal CAN"]
[Date "2011.09.07"]
[Round "2"]
[White "Sasseville, Jean"]
[Black "Tremblay, Alain"]
[Result "1-0"]
[WhiteElo "1964"]
[BlackElo "2078"]
[PlyCount "93"]
[GameId "2160767909648944"]
[EventDate "2011.08.31"]
[EventType "swiss"]
[EventRounds "5"]
[EventCountry "CAN"]
[SourceTitle "EXT 2022"]
[Source "ChessBase"]
[SourceDate "2021.10.06"]
[SourceVersion "1"]
[SourceVersionDate "2021.10.06"]
[SourceQuality "1"]

1. Nf3 g6 2. c4 Bg7 3. g3 d6 4. d4 Nf6 5. Bg2 O-O 6. O-O Nc6 7. Nc3 e5 8. dxe5 Nxe5 9. Nxe5 dxe5 10. Bg5 Qxd1 11. Rfxd1 c6 12. Rd6 Be6 13. b3 Ne8 14. Rd2 e4 15. Rc1 f5 16. Na4 b6 17. f3 exf3 18. Bxf3 Rc8 19. c5 b5 20. Nb2 Rf7 21. Nd3 Rd7 22. Nb4 Rxd2 23. Bxd2 Bd7 24. Bc3 Bxc3 25. Rxc3 Kf7 26. Nd3 Nf6 27. Ne5+ Ke8 28. Rd3 Ke7 29. Rd6 Rc7 30. Nxc6+ Bxc6 31. Rxc6 Rxc6 32. Bxc6 b4 33. Kf2 Ng4+ 34. Kg2 Ke6 35. Bb7 Ke5 36. h3 Ne3+ 37. Kf3 Nd1 38. g4 fxg4+ 39. hxg4 Nc3 40. Ke3 Nxa2 41. Kd3 Nc1+ 42. Kc4 a5 43. Bf3 h6 44. Kb5 Nxb3 45. c6 Kd6 46. Kb6 a4 47. c7 1-0

[Event "Montreal Mercredi 08"]
[Site "Montreal CAN"]
[Date "2011.09.07"]
[Round "2"]
[White "Trottier, Luc"]
[Black "Lepine, Yannick"]
[Result "0-1"]
[WhiteElo "1450"]
[BlackElo "1473"]
[PlyCount "84"]
[GameId "2160767909648945"]
[EventDate "2011.08.31"]
[EventType "swiss"]
[EventRounds "5"]
[EventCountry "CAN"]
[SourceTitle "EXT 2022"]
[Source "ChessBase"]
[SourceDate "2021.10.06"]
[SourceVersion "1"]
[SourceVersionDate "2021.10.06"]
[SourceQuality "1"]

1. e4 c6 2. d4 d5 3. Nc3 dxe4 4. Nxe4 Nf6 5. Ng3 Nbd7 6. Nf3 Qc7 7. c4 g6 8. Be2 Bg7 9. O-O O-O 10. Be3 e5 11. Qc2 Ng4 12. Rad1 Nxe3 13. fxe3 exd4 14. exd4 b6 15. Ng5 Bb7 16. Bf3 h6 17. N5e4 Rae8 18. Rfe1 f5 19. Nc3 Rxe1+ 20. Rxe1 Bxd4+ 21. Kh1 Ne5 22. Qb3 Nxf3 23. gxf3 c5 24. Nd5 Bxd5 25. cxd5 Qf4 26. d6+ Kh8 27. d7 Qb8 28. Qe6 Bf6 29. Qe8 Kg7 30. Qxb8 Rxb8 31. Rd1 Rd8 32. Ne2 Bxb2 33. Nf4 Kf7 34. Rd3 Bd4 35. Nd5 Rxd7 36. Nc3 Ke6 37. Ne2 g5 38. Kg2 h5 39. Rd1 h4 40. Re1 Kf6 41. h3 Be5 42. Kf1 Rd2 0-1

[Event "Montreal Mercredi 08"]
[Site "Montreal CAN"]
[Date "2011.09.14"]
[Round "3"]
[White "Barko, Maxim"]
[Black "Millette, Sylvain"]
[Result "1/2-1/2"]
[WhiteElo "1774"]
[BlackElo "1627"]
[PlyCount "74"]
[GameId "2160767909648946"]
[EventDate "2011.08.31"]
[EventType "swiss"]
[EventRounds "5"]
[EventCountry "CAN"]
[SourceTitle "EXT 2022"]
[Source "ChessBase"]
[SourceDate "2021.10.06"]
[SourceVersion "1"]
[SourceVersionDate "2021.10.06"]
[SourceQuality "1"]

1. d4 Nf6 2. c4 g6 3. Nc3 d5 4. cxd5 Nxd5 5. e4 Nxc3 6. bxc3 c5 7. Be3 Bg7 8. Nf3 O-O 9. Be2 Nc6 10. Qd2 cxd4 11. cxd4 Qa5 12. Qxa5 Nxa5 13. Rc1 e6 14. O-O Nc6 15. Rfd1 Bd7 16. d5 exd5 17. exd5 Ne5 18. Rc7 Ba4 19. Rb1 b6 20. Rb4 Nxf3+ 21. Bxf3 Be5 22. Rb7 Bc2 23. Rc4 Bd3 24. Ra4 b5 25. Raxa7 Rxa7 26. Rxa7 Rd8 27. Bb6 Rc8 28. Be3 Rd8 29. g3 Bc4 30. Bb6 Rb8 31. Bc7 Bxc7 32. Rxc7 Rd8 33. Rc5 Ra8 34. d6 Rxa2 35. h4 Rd2 36. Rc6 Be6 37. Rb6 b4 1/2-1/2

[Event "Montreal Mercredi 08"]
[Site "Montreal CAN"]
[Date "2011.09.14"]
[Round "3"]
[White "Ber, Alexandre"]
[Black "Trottier, Luc"]
[Result "0-1"]
[WhiteElo "1605"]
[BlackElo "1450"]
[PlyCount "64"]
[GameId "2160767909648947"]
[EventDate "2011.08.31"]
[EventType "swiss"]
[EventRounds "5"]
[EventCountry "CAN"]
[SourceTitle "EXT 2022"]
[Source "ChessBase"]
[SourceDate "2021.10.06"]
[SourceVersion "1"]
[SourceVersionDate "2021.10.06"]
[SourceQuality "1"]

1. d4 f5 2. c4 Nf6 3. Nc3 e6 4. g3 Be7 5. Bg2 d6 6. Nh3 O-O 7. O-O Nbd7 8. Nf4 Nb6 9. Qb3 c5 10. Bxb7 Rb8 11. Bg2 Bd7 12. Qc2 cxd4 13. Nb5 e5 14. Nd3 Rc8 15. Na3 Qc7 16. Bg5 h6 17. Bxf6 Rxf6 18. Rac1 Bc6 19. Nb5 Bxb5 20. Qb3 Bxc4 21. Rxc4 Qxc4 22. Rc1 Qxb3 23. Rxc8+ Nxc8 24. axb3 a5 25. Bd5+ Kf8 26. b4 axb4 27. Nxb4 Nb6 28. Ba2 d5 29. Nxd5 Nxd5 30. Bxd5 Rd6 31. Bc4 e4 32. f3 d3 0-1

[Event "Montreal Mercredi 08"]
[Site "Montreal CAN"]
[Date "2011.09.14"]
[Round "3"]
[White "Lepine, Yannick"]
[Black "Anastassov, Stevan"]
[Result "1-0"]
[WhiteElo "1473"]
[BlackElo "1452"]
[PlyCount "109"]
[GameId "2160767909648949"]
[EventDate "2011.08.31"]
[EventType "swiss"]
[EventRounds "5"]
[EventCountry "CAN"]
[SourceTitle "EXT 2022"]
[Source "ChessBase"]
[SourceDate "2021.10.06"]
[SourceVersion "1"]
[SourceVersionDate "2021.10.06"]
[SourceQuality "1"]

1. e4 e6 2. Qe2 Nc6 3. Nc3 Bc5 4. g3 Qf6 5. f4 b6 6. Nf3 Bb7 7. Bg2 O-O-O 8. d3 Nd4 9. Nxd4 Bxd4 10. Bd2 a6 11. O-O-O e5 12. Rhf1 Qe7 13. fxe5 Bxe5 14. Kb1 f6 15. Nd5 Bxd5 16. exd5 Re8 17. Qf3 Bd6 18. Rde1 Qf7 19. Rxe8+ Qxe8 20. Re1 Qf7 21. Bf4 Bxf4 22. d6 c6 23. Qxf4 Nh6 24. Re7 Re8 25. Qe4 Rxe7 26. Qxe7 Qe6 27. Bxc6 Nf7 28. Qf8+ Nd8 29. Be4 g6 30. Qe7 Nf7 31. Qf8+ Nd8 32. Qe7 Nf7 33. Kc1 Qxe7 34. dxe7 Nd6 35. Bd5 Kc7 36. Bf7 g5 37. e8=Q Nxe8 38. Bxe8 Kd6 39. Bh5 Ke5 40. Kd2 f5 41. Be8 d6 42. Ke3 Kf6 43. b4 Ke7 44. Bc6 h5 45. h3 h4 46. gxh4 gxh4 47. c4 Kf6 48. Kf4 a5 49. a3 axb4 50. axb4 Ke6 51. d4 Kf6 52. c5 dxc5 53. dxc5 bxc5 54. bxc5 Ke6 55. Ba4 1-0

[Event "Montreal Mercredi 08"]
[Site "Montreal CAN"]
[Date "2011.09.14"]
[Round "3"]
[White "Levkovsky, Alexandre"]
[Black "Sasseville, Jean"]
[Result "1/2-1/2"]
[WhiteElo "2256"]
[BlackElo "1964"]
[PlyCount "118"]
[GameId "2160767909648950"]
[EventDate "2011.08.31"]
[EventType "swiss"]
[EventRounds "5"]
[EventCountry "CAN"]
[SourceTitle "EXT 2022"]
[Source "ChessBase"]
[SourceDate "2021.10.06"]
[SourceVersion "1"]
[SourceVersionDate "2021.10.06"]
[SourceQuality "1"]

1. e4 c6 2. d4 d5 3. Nc3 dxe4 4. Nxe4 Bf5 5. Ng3 Bg6 6. N1e2 e6 7. Nf4 Bd6 8. Nxg6 hxg6 9. Ne4 Be7 10. g3 Nf6 11. Bg2 Nxe4 12. Bxe4 Nd7 13. O-O Nf6 14. Bg2 Qb6 15. c3 O-O 16. Qb3 Rfd8 17. Qxb6 axb6 18. b3 Nd5 19. Bb2 Ba3 20. Bxa3 Rxa3 21. Rfc1 Rda8 22. c4 Nb4 23. d5 exd5 24. cxd5 Nxd5 25. Bxd5 cxd5 26. Rd1 R8a5 27. Rd4 Kf8 28. Rb4 Rxa2 29. Rxa2 Rxa2 30. Rxb6 d4 31. Rxb7 d3 32. Rd7 d2 33. Kg2 Rb2 34. b4 Rxb4 35. Rxd2 Ke7 36. Re2+ Kf6 37. Re3 g5 38. h3 Rb2 39. g4 Rb4 40. Kg3 Kg6 41. Rc3 f6 42. h4 gxh4+ 43. Kxh4 f5 44. Rc6+ Kh7 45. f3 fxg4 46. fxg4 Rb1 47. Kh5 Rb5+ 48. g5 Ra5 49. Re6 Rb5 50. Kg4 Rb4+ 51. Kf5 Rb1 52. Re4 Rb5+ 53. Kg4 Rb1 54. Re3 Rb4+ 55. Kf5 Rb5+ 56. Re5 Rxe5+ 57. Kxe5 Kg6 58. Kf4 Kh5 59. Kf5 Kh4 1/2-1/2

[Event "Montreal Mercredi 08"]
[Site "Montreal CAN"]
[Date "2011.09.14"]
[Round "3"]
[White "Luo, Zhao Yang"]
[Black "Cardin, Guillaume"]
[Result "1-0"]
[WhiteElo "1900"]
[BlackElo "1947"]
[PlyCount "45"]
[GameId "2160767909648951"]
[EventDate "2011.08.31"]
[EventType "swiss"]
[EventRounds "5"]
[EventCountry "CAN"]
[SourceTitle "EXT 2022"]
[Source "ChessBase"]
[SourceDate "2021.10.06"]
[SourceVersion "1"]
[SourceVersionDate "2021.10.06"]
[SourceQuality "1"]

1. d4 f5 2. Nf3 Nf6 3. g3 e6 4. Bg2 d5 5. O-O c6 6. c4 Bd6 7. Nc3 O-O 8. Bg5 Nbd7 9. e3 b6 10. Re1 Bb7 11. cxd5 exd5 12. Qc2 h6 13. Qxf5 Qe7 14. Bxf6 Rxf6 15. Qd3 Raf8 16. e4 dxe4 17. Nxe4 Rf5 18. Nh4 R5f6 19. Nxf6+ Qxf6 20. Re2 g5 21. Qg6+ Qxg6 22. Nxg6 Rf6 23. Ne7+ 1-0

[Event "Montreal Mercredi 08"]
[Site "Montreal CAN"]
[Date "2011.09.14"]
[Round "3"]
[White "Rondon, Luciano"]
[Black "Weston, Paul"]
[Result "0-1"]
[WhiteElo "1915"]
[BlackElo "1879"]
[PlyCount "64"]
[GameId "2160767909648953"]
[EventDate "2011.08.31"]
[EventType "swiss"]
[EventRounds "5"]
[EventCountry "CAN"]
[SourceTitle "EXT 2022"]
[Source "ChessBase"]
[SourceDate "2021.10.06"]
[SourceVersion "1"]
[SourceVersionDate "2021.10.06"]
[SourceQuality "1"]

1. d4 d5 2. Nf3 e6 3. c4 Nf6 4. Nc3 Nbd7 5. Bg5 Bb4 6. Rc1 O-O 7. e3 c5 8. a3 Bxc3+ 9. bxc3 Qa5 10. Bxf6 Nxf6 11. Qb3 cxd4 12. exd4 Bd7 13. c5 Qc7 14. Bd3 b6 15. cxb6 axb6 16. O-O Qd6 17. Ra1 Rfc8 18. Rfb1 Ba4 19. Qxb6 Qxb6 20. Rxb6 Rxc3 21. Ba6 Kf8 22. Bf1 Nd7 23. Rb7 Bc6 24. Rc7 Rb8 25. a4 f6 26. h3 Ke7 27. Bb5 Kd6 28. Rxc6+ Rxc6 29. Bxc6 Kxc6 30. Rc1+ Kd6 31. Re1 Re8 32. Kf1 Rc8 0-1

[Event "Montreal Mercredi 08"]
[Site "Montreal CAN"]
[Date "2011.09.14"]
[Round "3"]
[White "Tremblay, Alain"]
[Black "Lopez Linares, Lizandro"]
[Result "1/2-1/2"]
[WhiteElo "2078"]
[BlackElo "1981"]
[PlyCount "76"]
[GameId "2160767909648954"]
[EventDate "2011.08.31"]
[EventType "swiss"]
[EventRounds "5"]
[EventCountry "CAN"]
[SourceTitle "EXT 2022"]
[Source "ChessBase"]
[SourceDate "2021.10.06"]
[SourceVersion "1"]
[SourceVersionDate "2021.10.06"]
[SourceQuality "1"]

1. d4 Nf6 2. c4 e6 3. Nc3 d5 4. Bg5 Be7 5. e3 O-O 6. cxd5 exd5 7. Bd3 Nbd7 8. Nge2 Re8 9. O-O h6 10. Bh4 c6 11. f3 Nf8 12. Bf2 Be6 13. Qd2 Qd7 14. Rad1 Rad8 15. e4 dxe4 16. fxe4 Ng4 17. Bg3 Bg5 18. Bf4 Bxf4 19. Rxf4 Ng6 20. Rf3 Qc7 21. e5 N4xe5 22. dxe5 Nxe5 23. Rg3 Rxd3 24. Rxd3 Nxd3 25. Qxd3 Bg4 26. Rd2 g6 27. h3 Bf5 28. Qd4 Qa5 29. Ng3 Bb1 30. Nxb1 Re1+ 31. Kh2 Rxb1 32. Ne4 Qc7+ 33. g3 Qe7 34. Nf6+ Kf8 35. Ng4 Kg8 36. Nf6+ Kf8 37. Qh4 Rh1+ 38. Kg2 Rg1+ 1/2-1/2

[Event "Montreal Mercredi 08"]
[Site "Montreal CAN"]
[Date "2011.09.14"]
[Round "3"]
[White "Yip, William"]
[Black "He, Shao Hang"]
[Result "0-1"]
[WhiteElo "1555"]
[BlackElo "1609"]
[PlyCount "130"]
[GameId "2160767909648955"]
[EventDate "2011.08.31"]
[EventType "swiss"]
[EventRounds "5"]
[EventCountry "CAN"]
[SourceTitle "EXT 2022"]
[Source "ChessBase"]
[SourceDate "2021.10.06"]
[SourceVersion "1"]
[SourceVersionDate "2021.10.06"]
[SourceQuality "1"]

1. d4 d5 2. Nf3 Nf6 3. Bf4 c6 4. c3 Bg4 5. h3 Bh5 6. Nbd2 e6 7. e3 Bd6 8. Bxd6 Qxd6 9. Be2 Nbd7 10. Rc1 O-O 11. O-O c5 12. c4 cxd4 13. Nxd4 Bg6 14. Nb5 Qb6 15. Nb3 a6 16. Nc3 dxc4 17. Bxc4 Ne5 18. Na4 Qb4 19. Nbc5 Nxc4 20. Qd4 b5 21. Nb6 Rad8 22. Nxa6 Qa5 23. Nxc4 Qxa6 24. Qb6 Qxb6 25. Nxb6 Rd6 26. Nc8 Rd2 27. Ne7+ Kh8 28. Nxg6+ hxg6 29. Rfd1 Rfd8 30. Rxd2 Rxd2 31. Rc8+ Ng8 32. Rb8 Rxb2 33. a4 b4 34. a5 Ra2 35. Rxb4 Rxa5 36. Rb7 f6 37. f4 Kh7 38. h4 Nh6 39. Rb4 e5 40. Kf2 f5 41. fxe5 Rxe5 42. Kf3 Re4 43. Rxe4 fxe4+ 44. Kxe4 Nf5 45. Kf4 Nxh4 46. g3 Nf5 47. e4 Ne7 48. Ke5 Kg8 49. Ke6 Kf8 50. g4 Ke8 51. e5 Kf8 52. Kd7 g5 53. Kd6 Kf7 54. Kd7 Ng6 55. e6+ Kf6 56. Kd6 Ne7 57. Kd7 g6 58. Kd6 Ng8 59. Kd7 Ke5 60. e7 Nxe7 61. Kxe7 Kf4 62. Kf6 Kxg4 63. Kxg6 Kf4 64. Kh5 g4 65. Kh4 Kf3 0-1

[Event "Montreal Mercredi 08"]
[Site "Montreal CAN"]
[Date "2011.09.21"]
[Round "4"]
[White "Cardin, Guillaume"]
[Black "Rondon, Luciano"]
[Result "1-0"]
[WhiteElo "1947"]
[BlackElo "1897"]
[PlyCount "88"]
[GameId "2160767909648957"]
[EventDate "2011.08.31"]
[EventType "swiss"]
[EventRounds "5"]
[EventCountry "CAN"]
[SourceTitle "EXT 2022"]
[Source "ChessBase"]
[SourceDate "2021.10.06"]
[SourceVersion "1"]
[SourceVersionDate "2021.10.06"]
[SourceQuality "1"]

1. d4 d5 2. c4 e6 3. Nf3 Nf6 4. g3 Bb4+ 5. Bd2 Bxd2+ 6. Nbxd2 O-O 7. Bg2 Nbd7 8. O-O Re8 9. Ne5 Nxe5 10. dxe5 Ng4 11. Nf3 c5 12. Qd2 d4 13. Rfd1 Qc7 14. Qg5 Nh6 15. Nd2 Nf5 16. g4 Ne7 17. Ne4 Ng6 18. e3 Qxe5 19. exd4 Qxg5 20. Nxg5 Rb8 21. dxc5 Nf4 22. Rd2 Nxg2 23. Kxg2 e5 24. f3 h6 25. Ne4 Be6 26. Nd6 Re7 27. b3 g6 28. Re1 f6 29. Kg3 Bf7 30. Red1 Rc7 31. Nb5 Rxc5 32. Rd8+ Rxd8 33. Rxd8+ Kg7 34. Rd7 Kf8 35. Rxb7 a6 36. Nd6 Be6 37. Ne4 Ra5 38. a4 f5 39. Nc3 Rc5 40. Rb6 Bc8 41. Rxg6 fxg4 42. fxg4 Bb7 43. Rxh6 e4 44. Kf4 Rc7 1-0

[Event "Montreal Mercredi 08"]
[Site "Montreal CAN"]
[Date "2011.09.21"]
[Round "4"]
[White "Gagnon, Serge"]
[Black "Sasseville, Jean"]
[Result "1-0"]
[WhiteElo "2108"]
[BlackElo "1964"]
[PlyCount "91"]
[GameId "2160767909648959"]
[EventDate "2011.08.31"]
[EventType "swiss"]
[EventRounds "5"]
[EventCountry "CAN"]
[SourceTitle "EXT 2022"]
[Source "ChessBase"]
[SourceDate "2021.10.06"]
[SourceVersion "1"]
[SourceVersionDate "2021.10.06"]
[SourceQuality "1"]

1. d4 f5 2. c4 Nf6 3. Nc3 d6 4. g3 g6 5. Bg2 Bg7 6. e4 O-O 7. exf5 gxf5 8. Bg5 Nc6 9. Nge2 e5 10. Bxc6 bxc6 11. dxe5 dxe5 12. Qxd8 Rxd8 13. Na4 Kf7 14. Nec3 Bf8 15. b3 Be6 16. Ke2 Bb4 17. Rad1 Rd6 18. Be3 Nd7 19. f3 Nb6 20. Bc5 Bxc5 21. Nxc5 Rad8 22. Nb7 Rxd1 23. Rxd1 Rxd1 24. Nxd1 Ke7 25. Kd3 Bc8 26. Na5 Kd6 27. Nc3 a6 28. b4 c5 29. b5 axb5 30. Nxb5+ Kd7 31. Nb3 Na4 32. g4 fxg4 33. fxg4 c6 34. Na3 Kd6 35. g5 Bf5+ 36. Kd2 Nb6 37. h4 Nd7 38. Nc2 Nf8 39. Ne3 Bb1 40. a4 Ng6 41. Ng2 Ne7 42. a5 Nf5 43. a6 Nd4 44. Nxd4 cxd4 45. a7 Kc7 46. a8=Q 1-0

[Event "Montreal Mercredi 08"]
[Site "Montreal CAN"]
[Date "2011.09.21"]
[Round "4"]
[White "Gauthier, Denis"]
[Black "Weston, Paul"]
[Result "1-0"]
[WhiteElo "1860"]
[BlackElo "1879"]
[PlyCount "45"]
[GameId "2160767909648960"]
[EventDate "2011.08.31"]
[EventType "swiss"]
[EventRounds "5"]
[EventCountry "CAN"]
[SourceTitle "EXT 2022"]
[Source "ChessBase"]
[SourceDate "2021.10.06"]
[SourceVersion "1"]
[SourceVersionDate "2021.10.06"]
[SourceQuality "1"]

1. d4 d5 2. c4 e6 3. Nc3 Nf6 4. cxd5 exd5 5. Bg5 Nbd7 6. e3 Bb4 7. Bd3 c5 8. Nge2 O-O 9. Rc1 c4 10. Bf5 Re8 11. O-O Nb6 12. Bb1 Bg4 13. f3 Bd7 14. e4 h6 15. Bh4 g5 16. Bg3 dxe4 17. fxe4 Bf8 18. e5 Nfd5 19. Qc2 Bg7 20. Qh7+ Kf8 21. Rxf7+ Kxf7 22. Rf1+ Nf6 23. exf6 1-0

[Event "Montreal Mercredi 08"]
[Site "Montreal CAN"]
[Date "2011.09.21"]
[Round "4"]
[White "Lopez Linares, Lizandro"]
[Black "Levkovsky, Alexandre"]
[Result "0-1"]
[WhiteElo "1981"]
[BlackElo "2256"]
[PlyCount "98"]
[GameId "2160767909648961"]
[EventDate "2011.08.31"]
[EventType "swiss"]
[EventRounds "5"]
[EventCountry "CAN"]
[SourceTitle "EXT 2022"]
[Source "ChessBase"]
[SourceDate "2021.10.06"]
[SourceVersion "1"]
[SourceVersionDate "2021.10.06"]
[SourceQuality "1"]

1. d4 Nf6 2. c4 e6 3. Nf3 b6 4. g3 Ba6 5. b3 Bb4+ 6. Bd2 Be7 7. Bg2 O-O 8. O-O c6 9. Qc2 d5 10. Rd1 Ne4 11. Bf4 Nd7 12. Nbd2 Nxd2 13. Rxd2 g5 14. Be3 f5 15. Rdd1 Bf6 16. cxd5 cxd5 17. Qc6 Re8 18. Nxg5 Nf8 19. h4 Bxe2 20. Re1 Bg4 21. Bf4 Rc8 22. Qa4 h6 23. Nf3 Qd7 24. Qb4 Bxf3 25. Bxf3 Qg7 26. Be5 Bxe5 27. dxe5 Rc5 28. h5 Rec8 29. a4 Nh7 30. a5 b5 31. a6 Ng5 32. Bg2 Ne4 33. Qd4 Rc2 34. Rf1 Rd2 35. Qb4 Rcc2 36. Qxb5 Nxg3 37. Qe8+ Kh7 38. Qxe6 f4 39. Qg6+ Qxg6 40. hxg6+ Kxg6 41. Rfd1 Rxf2 42. Bxd5 f3 43. Bxf3 Rxf3 44. Rd6+ Kg5 45. Rf6 Rxf6 46. exf6 Kxf6 47. b4 Kg5 48. Ra3 Kg4 49. b5 Kh3 0-1

[Event "Montreal Mercredi 08"]
[Site "Montreal CAN"]
[Date "2011.09.21"]
[Round "4"]
[White "Millette, Sylvain"]
[Black "Cote, Philippe"]
[Result "1-0"]
[WhiteElo "1627"]
[BlackElo "1654"]
[PlyCount "91"]
[GameId "2160767909648962"]
[EventDate "2011.08.31"]
[EventType "swiss"]
[EventRounds "5"]
[EventCountry "CAN"]
[SourceTitle "EXT 2022"]
[Source "ChessBase"]
[SourceDate "2021.10.06"]
[SourceVersion "1"]
[SourceVersionDate "2021.10.06"]
[SourceQuality "1"]

1. Nf3 g6 2. g3 Bg7 3. Bg2 d6 4. d4 Nf6 5. O-O O-O 6. c3 Nbd7 7. Nbd2 c5 8. dxc5 Nxc5 9. Nb3 Ncd7 10. Ng5 Qc7 11. Ne4 Nxe4 12. Bxe4 Nf6 13. Bg2 Bd7 14. e4 Rad8 15. h3 h6 16. Be3 Bc6 17. Qc2 e5 18. Rad1 d5 19. exd5 Bxd5 20. Bxd5 Nxd5 21. Qe2 b6 22. Bc1 Rfe8 23. Rd2 Re7 24. Rfd1 Red7 25. Qb5 Nf6 26. Rxd7 Rxd7 27. Rxd7 Nxd7 28. Qd5 Qc8 29. Kg2 Kh7 30. Qxf7 Qc6+ 31. Qf3 e4 32. Qe3 Ne5 33. Nd4 Qd5 34. b3 Nd3 35. Bd2 h5 36. f3 exf3+ 37. Qxf3 Qxf3+ 38. Kxf3 Bh6 39. Bxh6 Kxh6 40. b4 Nc1 41. a4 Na2 42. Ne2 Kg5 43. Ke4 Kf6 44. Kd5 Kf5 45. b5 g5 46. Kd4 1-0

[Event "Montreal Mercredi 08"]
[Site "Montreal CAN"]
[Date "2011.09.21"]
[Round "4"]
[White "Nardone, Raul"]
[Black "Bergeron, Rene"]
[Result "1-0"]
[WhiteElo "1799"]
[BlackElo "1709"]
[PlyCount "122"]
[GameId "2160767909648963"]
[EventDate "2011.08.31"]
[EventType "swiss"]
[EventRounds "5"]
[EventCountry "CAN"]
[SourceTitle "EXT 2022"]
[Source "ChessBase"]
[SourceDate "2021.10.06"]
[SourceVersion "1"]
[SourceVersionDate "2021.10.06"]
[SourceQuality "1"]

1. e4 e5 2. d4 exd4 3. Qxd4 Nc6 4. Qe3 g6 5. Nc3 Bg7 6. Bd2 Bd4 7. Qg3 Nge7 8. Nf3 Bg7 9. O-O-O d6 10. Bc4 Be6 11. Bxe6 fxe6 12. Ng5 Qd7 13. Rhe1 h6 14. Nf3 O-O-O 15. Kb1 Ne5 16. Nxe5 Bxe5 17. f4 Bg7 18. Qd3 Rhg8 19. Be3 a6 20. Rd2 Nc6 21. Qc4 Qf7 22. f5 gxf5 23. Rf1 Ne5 24. Qb3 Ng4 25. Bg1 f4 26. h3 Bxc3 27. Qxc3 Ne5 28. Bh2 Ng6 29. Qd4 Kb8 30. Bg1 c5 31. Qf2 e5 32. Rfd1 Qc7 33. Ka1 Ne7 34. Qh4 Rg6 35. b4 Rdg8 36. bxc5 Nc6 37. cxd6 Qa5 38. d7 Rd8 39. Rd5 Qc3+ 40. Kb1 Rxg2 41. Bf2 Qf3 42. R5d2 Qxe4 43. Qxh6 Qb4+ 44. Ka1 Qc3+ 45. Kb1 Qa5 46. Ba7+ Kxa7 47. Rxg2 Nb4 48. Qe6 f3 49. Rg8 Nc6 50. Rxd8 Nxd8 51. Qc4 f2 52. Rf1 Nc6 53. h4 Qb6+ 54. Qb3 Qd4 55. Qd3 Qxh4 56. Qe3+ Ka8 57. Rxf2 Qe7 58. Rd2 Qb4+ 59. Kc1 Qa5 60. Qf3 Qb6 61. Qxc6 Qd8 1-0

[Event "Montreal Mercredi 08"]
[Site "Montreal CAN"]
[Date "2011.09.21"]
[Round "4"]
[White "Trottier, Luc"]
[Black "Anastassov, Stevan"]
[Result "0-1"]
[WhiteElo "1450"]
[BlackElo "1452"]
[PlyCount "69"]
[GameId "2160767909648964"]
[EventDate "2011.08.31"]
[EventType "swiss"]
[EventRounds "5"]
[EventCountry "CAN"]
[SourceTitle "EXT 2022"]
[Source "ChessBase"]
[SourceDate "2021.10.06"]
[SourceVersion "1"]
[SourceVersionDate "2021.10.06"]
[SourceQuality "1"]

1. e4 e6 2. d3 c5 3. Nf3 Nc6 4. Nbd2 d5 5. g3 Nf6 6. Qe2 Be7 7. Bg2 d4 8. e5 Nd7 9. O-O Qc7 10. Re1 b5 11. Nb3 Bb7 12. Bg5 h6 13. Bxe7 Nxe7 14. Nfd2 Bxg2 15. Kxg2 Ng6 16. f4 Ne7 17. Ne4 Nf5 18. Qg4 g6 19. Nd6+ Nxd6 20. exd6 Qxd6 21. Qf3 O-O 22. Re2 Rac8 23. Kg1 Qb6 24. Nd2 c4 25. Rae1 c3 26. bxc3 dxc3+ 27. Kf1 cxd2 28. Rxd2 Rc3 29. Rde2 Rfc8 30. Qg4 Rxc2 31. f5 Rxe2 32. Rxe2 exf5 33. Qf3 Rc1+ 34. Re1 Rxe1+ 35. Kxe1 0-1

[Event "Montreal Mercredi 08"]
[Site "Montreal CAN"]
[Date "2011.09.28"]
[Round "5"]
[White "Bergeron, Rene"]
[Black "Barko, Maxim"]
[Result "1-0"]
[WhiteElo "1709"]
[BlackElo "1774"]
[PlyCount "102"]
[GameId "2160767909648965"]
[EventDate "2011.08.31"]
[EventType "swiss"]
[EventRounds "5"]
[EventCountry "CAN"]
[SourceTitle "EXT 2022"]
[Source "ChessBase"]
[SourceDate "2021.10.06"]
[SourceVersion "1"]
[SourceVersionDate "2021.10.06"]
[SourceQuality "1"]

1. c4 Nf6 2. Nc3 g6 3. g3 Bg7 4. Bg2 d6 5. d4 O-O 6. Nf3 Nbd7 7. O-O c6 8. a3 a5 9. b3 e5 10. d5 e4 11. Nd2 Nxd5 12. cxd5 Bxc3 13. Rb1 cxd5 14. b4 axb4 15. axb4 Bg7 16. Nb3 Nb6 17. Be3 Be6 18. Na5 Na4 19. Qxa4 b6 20. Bxb6 Qxb6 21. Qc6 Rfb8 22. Qxb6 Rxb6 23. Rfc1 f5 24. e3 Rc8 25. Rxc8+ Bxc8 26. Rc1 Bd7 27. Rc7 Ba4 28. Rb7 Rxb7 29. Nxb7 Bc3 30. Nxd6 Bxb4 31. Nc8 Bc5 32. Bf1 Bc6 33. Ba6 Kg7 34. Kg2 Kf6 35. h4 Kg7 36. Kh3 Kh6 37. Kg2 Kh5 38. Be2+ Kh6 39. Ba6 g5 40. Kh3 Bd7 41. Bb7 g4+ 42. Kg2 d4 43. exd4 Bxd4 44. Nd6 Kg6 45. Bd5 h5 46. Bf7+ Kh6 47. Be8 Be6 48. Bf7 Bd7 49. Nc4 Bc5 50. Ne5 Bb5 51. Be6 e3 1-0

[Event "Montreal Mercredi 08"]
[Site "Montreal CAN"]
[Date "2011.09.28"]
[Round "5"]
[White "Cote, Philippe"]
[Black "Nardone, Raul"]
[Result "0-1"]
[WhiteElo "1654"]
[BlackElo "1799"]
[PlyCount "66"]
[GameId "2160767909648966"]
[EventDate "2011.08.31"]
[EventType "swiss"]
[EventRounds "5"]
[EventCountry "CAN"]
[SourceTitle "EXT 2022"]
[Source "ChessBase"]
[SourceDate "2021.10.06"]
[SourceVersion "1"]
[SourceVersionDate "2021.10.06"]
[SourceQuality "1"]

1. e4 c5 2. Nf3 e6 3. d3 Nc6 4. Nbd2 d5 5. g3 Nf6 6. Bg2 Be7 7. O-O O-O 8. Re1 b5 9. e5 Nd7 10. Nf1 a5 11. Bf4 a4 12. h4 a3 13. b3 Ba6 14. N1h2 Rc8 15. Ng4 Nd4 16. Ng5 h6 17. Nf3 Nxf3+ 18. Qxf3 c4 19. Nxh6+ Kh7 20. Ng4 cxb3 21. cxb3 b4 22. d4 Rc3 23. Ne3 Kg8 24. Qg4 Bd3 25. h5 Kh7 26. Rad1 Nb8 27. Rxd3 Rxd3 28. Nf5 Rg8 29. h6 g6 30. Nxe7 Qxe7 31. Bg5 Qb7 32. Bf1 Rc3 33. f4 Qa7 0-1